书目信息 |
| 题名: |
图说济南老建筑
|
|
| 作者: | 张润武 , 薛立 撰著 | |
| 分册: | 近代卷 | |
| 出版信息: | 济南 济南出版社 2001.09 |
|
| 页数: | 443页, [8] 页图版 | |
| 开本: | 23cm | |
| 丛书名: | ||
| 单 册: | ||
| 中图分类: | TU-092.5 | |
| 科图分类: | ||
| 主题词: | 建筑史--jian zhu shi--山东省--济南市--近代 | |
| 电子资源: | ||
| ISBN: | 7-80629-642-5 | |
| 000 | 00925nam0 2200241 450 | |
| 001 | 012006440749 | |
| 005 | 20061220111527.48 | |
| 010 | @a7-80629-642-5@dCNY50.00 | |
| 100 | @a20061121d2001 km y0chiy0120 ea | |
| 101 | 0 | @achi |
| 102 | @aCN@b370000 | |
| 105 | @aaf z 000yy | |
| 200 | 1 | @a图说济南老建筑@Atu shuo ji nan lao jian zhu@i近代卷@f张润武, 薛立撰著@Fzhang run wu,xue li zhuan zhu |
| 210 | @a济南@c济南出版社@d2001.09 | |
| 215 | @a443页, [8] 页图版@c图 (部分彩图)@d23cm | |
| 330 | @a本书图文并茂地介绍了济南的宗教建筑、领事馆与外国机构、交通邮电建筑、商业及其他服务性建筑、银行及金融建筑、文化教育与医疗建筑、工业及仓储建筑、住宅建筑、娱乐、市政及其他建筑。 | |
| 517 | 1 | @a近代卷@Ajin dai juan |
| 606 | 0 | @a建筑史@Ajian zhu shi@y山东省@y济南市@z近代 |
| 690 | @aTU-092.5@v4 | |
| 701 | 0 | @a张润武@Azhang run wu@4撰著 |
| 701 | 0 | @a薛立@Axue li@4撰著 |
| 801 | 0 | @aCN@c20061220 |
| 905 | @a10447@dTU-092.5@eZ157 | |
| 图说济南老建筑.近代卷/张润武, 薛立撰著.-济南:济南出版社,2001.09 |
| 443页, [8] 页图版:图 (部分彩图);23cm |
| ISBN 7-80629-642-5:CNY50.00 |
| 本书图文并茂地介绍了济南的宗教建筑、领事馆与外国机构、交通邮电建筑、商业及其他服务性建筑、银行及金融建筑、文化教育与医疗建筑、工业及仓储建筑、住宅建筑、娱乐、市政及其他建筑。 |
| ● |
| 相关链接 |
|
|
|
正题名:图说济南老建筑
索取号:TU-092.5/Z157
 
预约/预借
| 序号 | 登录号 | 条形码 | 馆藏地/架位号 | 状态 | 备注 |
| 1 | 228816 | 202288167 | 建筑库101/101建筑库 7排4列5层/ [索取号:TU-092.5/Z157] | 在馆 | |
| 2 | 228817 | 202288176 | 建筑库101/101建筑库 7排4列5层/ [索取号:TU-092.5/Z157] | 在馆 | |
| 3 | 228818 | 202288185 | 建筑库101/101建筑库 5排3列5层/ [索取号:TU-092.5/Z157] | 在馆 |